000 00503nam a2200181Ia 4500
003 GCL
008 140319s9999 xx 000 0 eng d
040 _aGCL /
_cGCL
082 0 4 _a669
_bM F
100 1 _aMOHAMED EZZ EL-DAHSHAN
245 1 0 _aFUNDAMENTALS OF EXTRACTIVE METALLURGY /
_cMOHAMED EZZ EL-DAHSHAN
260 _aالرياض :
_bKING SAUD UNIVERSITY ،
_c1996
300 _a32 CM ؛
_c363 P
650 0 4 _aCHEMICAL ENGINEERING
650 0 4 _aMETALS
650 0 4 _aMETALLURGY
942 _2ddc
_cBK
999 _c7031
_d7031